000 00832nas a2200265 4500
001 BR9602198
003 BR-BrBNA
005 20231205095748.0
007 ta
008 230509b bl.|||p| |||| 00| 00por d
040 _aBR-BrBNA
_bpor
_cBiblioteca Nacional de Agricultura
041 _a(En)
072 _aJ11
100 1 _aCastro, M.F.P.P.M. de
100 1 _aPacheco, I.A.
245 1 _aUtilization of phosphine fumigant for the control of fungi naturally present in stored paddy rice (Oryza sativa, L.)
650 _aArroz
650 _aFosfina
650 _aFumigante
650 _aControle Quimico
650 _aProduto Armazenado
773 0 _tRevista de Microbiologia (Brazil)
_xISSN 0001-3714
_g(Jul-Sep 1995), v. 26(3) p. 230-235
_wBR9602198
909 _a202311
_bLúcia
_c55
_dLúcia Elande
942 _2AGRIS
_n0
_cANA
999 _c152563
_d152563